000 00319nam a2200133 4500
999 _c510774
_d510774
008 190830b ||||| |||| 00| 0 eng d
100 _aRoy, Rathin
_99303
245 _aChanging fiscal dynamics
260 _c2019
300 _ap.18-22.
773 _aSeminar
906 _aFinance, Public - India
942 _2ddc
_cAR